[Event "Southend op"]
[Site "London"]
[Date "2001.04.15"]
[Round "5"]
[White "Monk, George H"]
[Black "Walker, Graham"]
[Result "0-1"]
[WhiteElo "1656"]
[BlackElo "1520"]
[PlyCount "36"]
[EventDate "2001.04.13"]
[EventType "swiss"]
[EventRounds "7"]
[EventCountry "ENG"]
[SourceTitle "EXT 2006"]
[Source "ChessBase"]
[SourceDate "2005.11.24"]
[SourceVersion "1"]
[SourceVersionDate "2005.11.24"]
[SourceQuality "1"]

1. e4 e6 2. d4 d5 3. e5 c5 4. c3 Nc6 5. f4 Qb6 6. Nf3 Nh6 7. Be2 cxd4 8. cxd4 Nf5 9. 0-0 Ncxd4 10. Kh1 Nxe2 11. Qxe2 Bd7 12. Rd1 Bb5 13. Qe1 Bc5 14. Bd2 Bf2 15. Ba5 Qc5 16. Bb4 Qe3 17. Qc3 Qxf4 18. Qc5 Bxc5 0-1